000 00591nam a22002052 4500
001 0000012974
005 20151217155854.0
008 090514s xx 000 0 eng d
020 _a9966951040 :
040 _aKABU
_cKABU
100 1 _aMwangi, Evan.
_@0000170012
245 1 0 _aBildad Kaggia :
_bvoice of the people /
_cEvan Mwangi.
250 _a1st ed.
260 _aNairobi :
_bSasa Sema,
_c2001.
300 _aix, 102 p.
600 1 0 _aKaggia, Bildad.
_@0000170013
852 1 _9p235 KES
908 _a090514
950 _@1
999 _c13567
_d13567